|
|
|
|
| LEADER |
00974nam a2200277 4500 |
| 001 |
17645 |
| 003 |
BD-DhAAL |
| 005 |
20140610100703.0 |
| 008 |
140610s1971 nyu b 001 0 eng |
| 010 |
|
|
|a 73142405
|
| 040 |
|
|
|a DLC
|c DLC
|d DLC
|d BD-DhAAL
|
| 041 |
|
|
|a eng
|
| 050 |
0 |
0 |
|a HQ1154
|b .J3
|
| 082 |
0 |
0 |
|a 301.41/2
|
| 100 |
1 |
|
|a Janeway, Elizabeth.
|9 4791
|
| 245 |
1 |
0 |
|a Man's world, woman's place:
|b a study in social mythology /
|c Elizabeth Janeway
|
| 260 |
|
|
|a New York,
|b Morrow,
|c 1971.
|
| 300 |
|
|
|a 319 p.
|c 24 cm.
|
| 350 |
|
|
|a $8.95
|
| 504 |
|
|
|a Includes bibliographical references.
|
| 541 |
|
|
|e 17645
|
| 650 |
|
0 |
|a Women
|x Social conditions.
|9 4792
|
| 650 |
|
0 |
|a Social role.
|9 4793
|
| 942 |
|
|
|2 ddc
|c BK
|
| 999 |
|
|
|c 14403
|d 14403
|
| 952 |
|
|
|0 0
|1 0
|2 ddc
|4 0
|6 301_412000000000000_JAN
|7 0
|9 24403
|a BRACUL
|b BRACUL
|c GEN
|d 2014-06-10
|l 1
|m 30
|o 301.412 JAN
|p 3010017645
|q 2026-04-26
|r 2025-07-08
|s 2025-07-08
|t 1
|w 2014-06-10
|y BK
|x Transferred from ENH to Ayesha Abed library on 20/12/2023
|